تعليمی نفسيا ت کے جد يد تصو ر ا ت (Record no. 169470)

MARC details
000 -LEADER
fixed length control field 00709nam a22001937a 4500
005 - DATE AND TIME OF LATEST TRANSACTION
control field 20191121122109.0
010 ## - LCCN (DPL NO)
LC control number UR-10594
020 ## - INTERNATIONAL STANDARD BOOK NUMBER
Terms of availability 133.00
International Standard Book Number 9789388736978
035 ## - SYSTEM CONTROL NUMBER
System control number U-9149
037 ## - SOURCE OF ACQUISITION
Source of stock number/acquisition DBAD/PUB
Stock number -
082 ## - DEWEY DECIMAL CLASSIFICATION NUMBER
Classification number 370
100 ## - MAIN ENTRY--PERSONAL NAME
Personal name محمد ا فر و ز عا لم
245 ## - TITLE STATEMENT
Title تعليمی نفسيا ت کے جد يد تصو ر ا ت
Statement of responsibility, etc محمد ا فر و ز عا لم
246 ## - VARYING FORM OF TITLE
Remainder of title Taleemi Nafsiyat ke Jadeed Tasawwurat (Urdu)
Title proper/short title by Dr. Md. Afroz Alam
260 ## - PUBLICATION, DISTRIBUTION, ETC. (IMPRINT)
Place of publication, distribution, etc Delhi
Name of publisher, distributor, etc Educational Publishing House
Date of publication, distribution, etc 2019 ء
270 ## - ADDRESS
Address 3191,Vakil Street, Kucha Pandit,Lal Kuan,
City Delhi
Postal code 110006
Telephone number 01123216162
Fax number -
300 ## - PHYSICAL DESCRIPTION
Extent 208 ص
Dimensions 22 Cm(Hb)
942 ## - ADDED ENTRY ELEMENTS (KOHA)
Source of classification or shelving scheme Dewey Decimal Classification
Item type Urdu Bks
Classification part 370
Call number suffix م ح م
Holdings
Withdrawn status Lost status Not for loan Collection code Home library Current library Date acquired Source of acquisition Cost, normal purchase price Full call number Barcode Copy number Cost, replacement price Koha item type
    Not For Loan Non-fiction D.B.Act.Division D.B.Act.Division 21/11/2019 DBAD/PUB 133.00 370 م ح م U-9149 1 133.00 Urdu Bks

© Delhi Public Library
Hit Counter
free hit counter